000 00875nam a22002177a 4500
008 160730b xxu||||| |||| 00| 0 eng d
020 _a978-0-07-313577-9 (pbk.)
082 _22007
_aDC 305.800973
_bAg9a
100 _912106
_aAguirre, Adalberto
245 _aAmerican ethnicity :
_bthe dynamics and consequences of discrimination/
_cAdalberto Aguire Jr. and Jonathan H. Turner.
250 _aFifth Edition
260 _aBoston :
_bMcGraw-Hill Higher Education,
_cc2007.
300 _axvi, 368 pages :
_billustrations ;
_c23 cm.
500 _aIncludes bibliographical references and index.
650 0 _912107
_aDiscrimination -- United States.
650 0 _912108
_aEthnicity -- United States.
650 0 _912109
_aUnited States -- Race relations.
650 0 _912110
_aUnited States -- Ethnic relations.
700 _912111
_aTurner, Jonathan H.
942 _2ddc
_cDC
999 _c3637
_d3637